Online
Catalog

Antología del cuento psicológico / (Record no. 11416)

MARC details
000 -CABECERA
campo de control de longitud fija 04298nam a2200397 i 4500
001 - NÚMERO DE CONTROL
campo de control 000011741
003 - IDENTIFICADOR DEL NÚMERO DE CONTROL
campo de control DO-SdBNP
005 - FECHA Y HORA DE LA ÚLTIMA TRANSACCIÓN
campo de control 20250624095821.0
007 - CAMPO FIJO DE DESCRIPCIÓN FÍSICA--INFORMACIÓN GENERAL
campo de control de longitud fija ta
008 - DATOS DE LONGITUD FIJA--INFORMACIÓN GENERAL
campo de control de longitud fija 091027t1998 dr 001 j spa d
040 ## - FUENTE DE LA CATALOGACIÓN
Centro catalogador/agencia de origen DO-SdBNP
Lengua de catalogación spa
Centro/agencia transcriptor BNPHU
Normas de descripción rda
082 #4 - NÚMERO DE LA CLASIFICACIÓN DECIMAL DEWEY
Número de clasificación RD863.4408
Número de documento/Ítem A634c, 1998
Número de edición 22
245 00 - MENCIÓN DE TÍTULO
Título Antología del cuento psicológico /
Mención de responsabilidad, etc. compilación, correción y notas, Domingo Hernández Contreras ; prólogo, Antonio Zaglul Elmúdesi, Josefina Záiter de Zaglul.
250 ## - MENCIÓN DE EDICIÓN
Mención de edición 2a. ed.
264 ## - PRODUCCIÓN, PUBLICACIÓN, DISTRIBUCIÓN, FABRICACIÓN Y COPYRIGHT
Producción, publicación, distribución, fabricación y copyright Santo Domingo :
Nombre del de productor, editor, distribuidor, fabricante Universitaria,
Fecha de producción, publicación, distribución, fabricación o copyright 1998.
300 ## - DESCRIPCIÓN FÍSICA
Extensión xxii, 414 páginas ;
Dimensiones 22 cm.
336 ## - TIPO DE CONTENIDO
Fuente rdacontent
Término de tipo de contenido texto
Código de tipo de contenido txt
337 ## - TIPO DE MEDIO
Fuente rdamedia
Nombre/término del tipo de medio sin mediación
Código del tipo de medio n
338 ## - TIPO DE SOPORTE
Fuente rdacarrier
Nombre/término del tipo de soporte volumen
Código del tipo de soporte nc
490 ## - MENCIÓN DE SERIE
Mención de serie Publicaciones Universidad Autónoma de Santo Domingo
Designación de volumen o secuencia 844
490 ## - MENCIÓN DE SERIE
Mención de serie Literatura y Sociedad
Designación de volumen o secuencia 20
500 ## - NOTA GENERAL
Nota general Incluye datos biográficos del autor en la contraportada
500 ## - NOTA GENERAL
Nota general Incluye referencias bibliográficas y notas al pie de las páginas
505 0# - NOTA DE CONTENIDO CON FORMATO
Nota de contenido con formato Prólogo -- Prefacio a la segunda edición -- Introducción -- Escritores precursores del cuento psicológico : Fabio Fiallo / Ernesto de Anquises -- Manuel Antonio Patín Maceo / El sofá -- Renato de Soto / Antojo femenino -- José Ramón López / El loco -- Manuel F. Cestero / La verdad es amarga como el Aloe -- Escritores de transición del cuento psicológico : Carmen Stengre / El ciempies -- Abigaíl Fernández Mejía / El abúlico -- Ramón Marero Aristy / Una razón -- Carmen Lara Fernández / El ladrón -- Ángel A. Hernández Acosta / Mi amigo Pedro -- Juan A. Vicioso V. / Ironías del destino -- Enrique Cotubanama Henríquez / El pájaro -- José Mariano Sanz Lajara / Los pasos venían detrás -- Sócrates Nolasco / Don Sebastián se entusiasma -- Freddy Miller Otero / El lago de los patos -- Tomás Hernández Franco / El presidente -- Lorenzo Justiniano Bobea / Contrariado -- Manuel de Jesús Troncoso de la Concha / Una decepción -- Miguel Ángel Jiménez / Honor trinitario.
505 0# - NOTA DE CONTENIDO CON FORMATO
Nota de contenido con formato Escritores contemporáneos del cuento psicológico : Arturo Rodríguez Fernández / El final de los héroes -- Virgilio Díaz Grullón / Edipo -- René del Risco Bermúdez / El cuarto -- José Rijo / Chito -- Armando Almánzar Rodríguez / Infancia feliz -- Efrain Castillo / Pequeña historia de un honor -- José Alcántara Almánzar / La obsesión de Eva -- Ricardo Rivera Aybar / Inocencia regresó para quedarse -- Otto Oscar Milaneses / Avenida soledad y noche de callejas -- Virgilio Díaz Ordones / Aquel hospital -- Bonaparte Gautreaux Pieyro / Esa maldita fila -- Pedro Peix / Pormenores de una servidumbre -- Iván García / Vivir es buena razón -- José Enrique García / Oficio de ocioso -- Margarita Vallejo / Día de reyes -- Juan Bosch / El algarrobo -- José Fco. Del Rosario Sánchez / Círculo de absalón -- Ramón Lacay Polanco / El hijo -- Ángel Rafael Lamarche / Pero él era así -- Santiago Estrella Veloz / Un idiota -- Luis Martín Gómez / Ana la princesa -- Virgilio Hoepelman / El perro del hortelano -- Mary Rosa Jiménez /Tan sólo unos lirios -- Hilma Contreras / El cumpleaños de Vitalina -- Ángela Hernández / Paradoja en los andenes -- José Ulises Franco / La tragedia de un hombre celoso -- Néstor Caro / Un hombre de la calle -- Ramón Francisco / La moneda gastada -- Miguel Alfonseca / El hombre que cruza la esquina -- Daniel Baruc Espinal / Víspera de la víspera -- Marcio Veloz Maggiolo /La fértil agonía del amor -- Roberto Marcalle Abreu / El minúsculo infierno del señor Lucas -- Pedro Vergés / Intuición femenina -- Diógenes Valdez / Todo puede suceder un día -- Cuento huésped -- Fernando Sánchez Martínez / El gran pecado -- índice de autores -- Bibliografía -- índice general.
590 ## - NOTA LOCAL (RLIN)
Nota local Inventariado, 2019/VM
650 #4 - PUNTO DE ACCESO ADICIONAL DE MATERIA--TÉRMINO DE MATERIA
Término de materia o nombre geográfico como elemento de entrada Cuentos dominicanos
Subdivisión general Colecciones
9 (RLIN) 503
650 #0 - PUNTO DE ACCESO ADICIONAL DE MATERIA--TÉRMINO DE MATERIA
Término de materia o nombre geográfico como elemento de entrada Literatura dominicana.
9 (RLIN) 67
650 #4 - PUNTO DE ACCESO ADICIONAL DE MATERIA--TÉRMINO DE MATERIA
Término de materia o nombre geográfico como elemento de entrada Psicologia en la literatura
9 (RLIN) 22123
651 #4 - PUNTO DE ACCESO ADICIONAL DE MATERIA--NOMBRE GEOGRÁFICO
Nombre geográfico República Dominicana
Subdivisión general Antologías Literarias
9 (RLIN) 22124
700 1# - PUNTO DE ACCESO ADICIONAL--NOMBRE DE PERSONA
Nombre de persona Hernández Contreras, Domingo,
Fechas asociadas al nombre 1963-
Término indicativo de función/relación compilador
9 (RLIN) 22125
700 1# - PUNTO DE ACCESO ADICIONAL--NOMBRE DE PERSONA
Nombre de persona Zaglul, Antonio,
Fechas asociadas al nombre 1920-1996
Término indicativo de función/relación prólogo
9 (RLIN) 69657
700 1# - PUNTO DE ACCESO ADICIONAL--NOMBRE DE PERSONA
Nombre de persona Zátier de Zaglul, Josefina,
Término indicativo de función/relación prólogo
9 (RLIN) 27797
910 ## - DATOS DE OPCIÓN DEL USUARIO (OCLC)
Datos de opción del usuario Validado. Control de calidad MMOLINA
942 ## - ELEMENTOS DE PUNTO DE ACCESO ADICIONAL (KOHA)
Fuente del sistema de clasificación o colocación Dewey Decimal Classification
Tipo de ítem Koha Libro
Holdings
Estado de retiro Estado de pérdida Fuente del sistema de clasificación o colocación Restricciones de uso No para préstamo Código de colección Localización permanente Ubicación/localización actual Ubicación en estantería Fecha de adquisición Total de préstamos Signatura topográfica completa Código de barras Fecha visto por última vez Número de copia Precio válido a partir de Tipo de ítem Koha Fuente de adquisición
    Dewey Decimal Classification Préstamo en sala   Dominicana de Servicio Biblioteca Nacional Pedro Henríquez Ureña Biblioteca Nacional Pedro Henríquez Ureña Depósito 27.10.2009   BNPHU DS RD863.44 A634c 1998 11741-30 25.06.2020 e. 3 25.06.2020 Libro  
    Dewey Decimal Classification Excluido de préstamo   Patrimonio Dominicano Biblioteca Nacional Pedro Henríquez Ureña Biblioteca Nacional Pedro Henríquez Ureña Depósito 27.10.2009   BNPHU PD RD863.4408 A634c 1998 11741-10 25.06.2020   25.06.2020 Libro  
    Dewey Decimal Classification Excluido de préstamo   Patrimonio Dominicano Biblioteca Nacional Pedro Henríquez Ureña Biblioteca Nacional Pedro Henríquez Ureña Depósito 27.10.2009   BNPHU PD RD863.4408 A634c 1998 11741-20 25.06.2020 e. 2 25.06.2020 Libro  
    Dewey Decimal Classification Préstamo en sala   Dominicana de Servicio Biblioteca Nacional Pedro Henríquez Ureña Biblioteca Nacional Pedro Henríquez Ureña Depósito 10.01.2024   BNPHU DS RD863.4408 A634c 1998 2024-0150 10.01.2024 e. 4 10.01.2024 Libro Donación

Powered by Koha